<?xml version="1.0" encoding="UTF-8"?><?xml-stylesheet type="text/xsl" href="static/style.xsl"?><OAI-PMH xmlns="http://www.openarchives.org/OAI/2.0/" xmlns:xsi="http://www.w3.org/2001/XMLSchema-instance" xsi:schemaLocation="http://www.openarchives.org/OAI/2.0/ http://www.openarchives.org/OAI/2.0/OAI-PMH.xsd"><responseDate>2026-06-01T19:56:41Z</responseDate><request verb="GetRecord" identifier="oai:riuma.uma.es:10630/45365" metadataPrefix="marc">https://riuma.uma.es/rest/oai/request</request><GetRecord><record><header><identifier>oai:riuma.uma.es:10630/45365</identifier><datestamp>2026-04-10T09:03:16Z</datestamp><setSpec>com_10630_2254</setSpec><setSpec>col_10630_37953</setSpec></header><metadata><record xmlns="http://www.loc.gov/MARC21/slim" xmlns:dcterms="http://purl.org/dc/terms/" xmlns:doc="http://www.lyncode.com/xoai" xmlns:xsi="http://www.w3.org/2001/XMLSchema-instance" xsi:schemaLocation="http://www.loc.gov/MARC21/slim http://www.loc.gov/standards/marcxml/schema/MARC21slim.xsd">
   <leader>00925njm 22002777a 4500</leader>
   <datafield ind2=" " ind1=" " tag="042">
      <subfield code="a">dc</subfield>
   </datafield>
   <datafield ind2=" " ind1=" " tag="720">
      <subfield code="a">García-Aranda, Miguel Ángel</subfield>
      <subfield code="e">author</subfield>
   </datafield>
   <datafield ind2=" " ind1=" " tag="720">
      <subfield code="a">Gómez-de-la-Torre, María de los  Ángeles</subfield>
      <subfield code="e">author</subfield>
   </datafield>
   <datafield ind2=" " ind1=" " tag="720">
      <subfield code="a">Bernal, Susan A.</subfield>
      <subfield code="e">author</subfield>
   </datafield>
   <datafield ind2=" " ind1=" " tag="720">
      <subfield code="a">Provis, John L.</subfield>
      <subfield code="e">author</subfield>
   </datafield>
   <datafield ind2=" " ind1=" " tag="260">
      <subfield code="c">2026</subfield>
   </datafield>
   <datafield ind2=" " ind1=" " tag="520">
      <subfield code="a">Synchrotron X-ray techniques have been extensively applied to characterise the mineralogy of anhydrous cementitious materials, the hydration processes and products in cementitious systems, and the alterations induced by different environmental exposure conditions. However, with changes in cement compositions and performance requirements, and an increased focus on materials design for sustainability, there is now strong emphasis on the use of advanced analytical tools to bring fundamentally based, multi-scale, multi-modal, spatially-resolved and/or time-resolved understanding of the physico-chemical factors influencing cementitious materials in the fluid, hardening and cured states. Beamline-based analysis complements conventional laboratory techniques, bringing unique capabilities to develop high-level insights. Here we provide a critical overview of the application of synchrotron radiation-based techniques to cementitious materials, and the opportunities and research needs to unlock their full potential for their use in future cement materials research, including issues related to handling and processing the very large datasets that can be generated.</subfield>
   </datafield>
   <datafield ind1="8" ind2=" " tag="024">
      <subfield code="a">Miguel A.G. Aranda, Angeles G. De la Torre, Susan A. Bernal, John L. Provis, Insights into the nano- and microstructures of cementitious materials using synchrotron X-rays, Cement and Concrete Research, Volume 202, 2026, 108150, ISSN 0008-8846, https://doi.org/10.1016/j.cemconres.2026.108150.</subfield>
   </datafield>
   <datafield ind1="8" ind2=" " tag="024">
      <subfield code="a">https://hdl.handle.net/10630/45365</subfield>
   </datafield>
   <datafield ind1="8" ind2=" " tag="024">
      <subfield code="a">https://doi.org/10.1016/j.cemconres.2026.108150</subfield>
   </datafield>
   <datafield tag="653" ind2=" " ind1=" ">
      <subfield code="a">Cemento - Análisis</subfield>
   </datafield>
   <datafield tag="653" ind2=" " ind1=" ">
      <subfield code="a">Sincrotrones</subfield>
   </datafield>
   <datafield ind2="0" ind1="0" tag="245">
      <subfield code="a">Insights into the nano- and microstructures of cementitious materials using synchrotron X-rays</subfield>
   </datafield>
</record>
</metadata></record></GetRecord></OAI-PMH>